<The> economics of growth
Uložené v:
| Hlavný autor: | |
|---|---|
| Ďalší autori: | |
| Médium: | Kniha |
| Jazyk: | English |
| Vydavateľské údaje: |
Cambridge
<The> MIT Press
2009
|
| Predmet: | |
| Tagy: |
Žiadne tagy, Buďte prvý, kto otaguje tento záznam!
|
MARC
| LEADER | 00000nam$a2200000$$$4500 | ||
|---|---|---|---|
| 001 | 0116655 | ||
| 005 | 20240306135639.7 | ||
| 020 | |a 978-0-262-01263-8 | ||
| 041 | 0 | |a eng | |
| 044 | |a US | ||
| 245 | 1 | 0 | |a <The> economics of growth |c Philippe Aghion and Peter Howitt |
| 264 | 1 | |a Cambridge |b <The> MIT Press |c 2009 | |
| 300 | |a 495 s. | ||
| 610 | 2 | 0 | |a rast hospodársky |
| 610 | 2 | 0 | |a vývoj hospodársky |
| 610 | 2 | 0 | |a makroekonomika |
| 610 | 2 | 0 | |a modely rastu |
| 610 | 2 | 0 | |a teórie rastu hospodárskeho |
| 610 | 2 | 0 | |a modelovanie ekonometrické |
| 100 | 1 | |a Aghion, Philippe | |
| 700 | 1 | |a Howitt, Peter | |